000 00594nam a2200217Ia 4500
005 20241129104354.0
008 241129s9999||||xx |||||||||||||| ||und||
020 _a9781803090726
037 _aTextual
040 _aRTL
_beng
_cRTL
041 _aeng
_2eng
084 _aY9(KZ) R2
_qRTL
100 _aGinzburg Carlo
245 0 _aSoul of brutes
_cGinzburg Carlo
260 _aNew York
_bSeagull Books
_c2022
300 _a119p.
365 _aINR
_b599
650 _aExploration of Animal Rights and Ethics
_9726086
942 _cTB
_hY9(KZ) R2
999 _c1225608
_d1225608